| 000 | 00423nam a2200133 a 4500 | ||
|---|---|---|---|
| 001 | 000039238 | ||
| 005 | 20201002031546.0 | ||
| 008 | 130617s1966 uy 000 0 spa d | ||
| 040 |
_aDO-SdBNP _bspa _cBNPHU |
||
| 100 | 1 |
_aValera Benitez, Rafael _924318 |
|
| 245 | 1 | 3 |
_aLa luz descalza y elegias (1956-1963) / _cRafael Valera Benitez. |
| 260 |
_aMontevideo, Uruguay : _bCorporación Gráfica, _c1966. |
||
| 300 |
_a73 p. ; _c21 cm. |
||
| 999 |
_c38728 _d38728 |
||